[Event "FRM-chT2"]
[Site "Struga"]
[Date "2024.07.08"]
[Round "2.3"]
[White "Markusheski, Mihail"]
[Black "Simonovski, Dimitar"]
[Result "1-0"]
[WhiteElo "1630"]
[BlackElo "1608"]
[PlyCount "87"]
[EventDate "2024.07.07"]
[EventType "team-tourn"]
[EventRounds "9"]
[EventCountry "MKD"]
[SourceTitle "EXT 2025"]
[Source "ChessBase"]
[SourceDate "2024.10.14"]
[SourceVersion "1"]
[SourceVersionDate "2024.10.14"]
[SourceQuality "1"]

1. Nf3 Nf6 2. g3 g6 3. Bg2 Bg7 4. d4 0-0 5. 0-0 d6 6. c4 Nbd7 7. Nc3 e5 8. Bg5 c6 9. Qd2 Qb6 10. dxe5 dxe5 11. e4 Re8 12. Be3 Qc7 13. h3 Nb6 14. b3 Be6 15. c5 Nbd7 16. Qc2 Bf8 17. Na4 Be7 18. Ng5 Nf8 19. Rfd1 Rad8 20. Bf1 Rxd1 21. Rxd1 Rd8 22. Rxd8 Qxd8 23. Bc4 Qd7 24. Kg2 Kg7 25. Nb2 h6 26. Bxe6 Nxe6 27. Nf3 Qc7 28. b4 g5 29. Nc4 Nd7 30. Qb2 f6 31. Qd2 a5 32. a3 axb4 33. axb4 h5 34. Qc3 g4 35. hxg4 hxg4 36. Nh4 Qd8 37. Nf5+ Kg6 38. Qd2 Ng5 39. Bxg5 fxg5 40. Qd1 Nf6 41. Nxe5+ Kh7 42. Qh1+ Kg8 43. Qh6 Qf8 44. Qg6+ 1-0

[Event "FRM-ch U14"]
[Site "Strumica"]
[Date "2024.06.27"]
[Round "6"]
[White "Simonovski, Dimitar"]
[Black "Gjorgiev, Luka"]
[Result "1-0"]
[WhiteElo "1609"]
[BlackElo "1558"]
[PlyCount "53"]
[EventDate "2024.06.23"]
[EventType "swiss"]
[EventRounds "8"]
[EventCountry "MKD"]
[SourceTitle "EXT 2025"]
[Source "ChessBase"]
[SourceDate "2024.10.14"]
[SourceVersion "1"]
[SourceVersionDate "2024.10.14"]
[SourceQuality "1"]

1. e4 e5 2. Nf3 Nc6 3. Bb5 a6 4. Ba4 Bc5 5. 0-0 b5 6. Bb3 Nf6 7. a4 Rb8 8. c3 d6 9. d4 Bb6 10. a5 Ba7 11. h3 0-0 12. Re1 Bb7 13. Bg5 h6 14. Bh4 g5 15. Nxg5 hxg5 16. Bxg5 exd4 17. Qf3 Ne5 18. Qg3 Ng6 19. f4 dxc3+ 20. Kh1 cxb2 21. Ra2 Bxe4 22. Qc3 b4 23. Qxb2 Bxb1 24. Bxf6 Qd7 25. Qxb1 Kh7 26. Re7 Qb5 27. Bxf7 1-0